MARC

Tag First Indicator Second Indicator Subfields
LEADER 00000cam a2200000 a 4500
001 in00001693421
005 20240304191025.0
008 020426s2001 vraacfo b 001 0deng d
010 |a  2002391527 
019 |a 48578034  |a 224077316 
020 |a 0522849334 
020 |a 9780522849332 
029 1 |a AU@  |b 000022199817 
029 1 |a AU@  |b 000026740657 
029 1 |a NLGGC  |b 247722057 
029 1 |a NZ1  |b 13051082 
029 1 |a NZ1  |b 6025792 
029 1 |a YDXCP  |b 1800614 
035 |a (OCoLC)ocm50906427  
035 |a (OCoLC)50906427  |z (OCoLC)48578034  |z (OCoLC)224077316 
035 |a (OCoLC)ocm50906427  
040 |a IUA  |b eng  |c DLC  |d IUA  |d BAKER  |d BTCTA  |d YDXCP  |d UV0  |d CRU  |d ILU  |d BDX  |d OCLCF  |d OCLCQ  |d OCLCO  |d OCL  |d OCLCQ  |d OCLCA  |d FHL  |d UWO  |d OCLCQ  |d OCLCA  |d OCL  |d OCLCO  |d OCLCL 
042 |a lccopycat 
043 |a u-at-vi 
050 0 0 |a DU220  |b .H36 2001 
082 0 4 |a 994.5030922  |2 21 
100 1 |a Hancock, Marguerite. 
245 1 0 |a Colonial consorts :  |b the wives of Victoria's governors, 1839-1900 /  |c Marguerite Hancock. 
260 |a [Carlton, Vic.] :  |b Miegunyah Press ;  |a Carlton South, Vic. :  |b Melbourne University Press,  |c 2001. 
300 |a xxii, 324 pages, 10 unnumbered pages of plates :  |b illustrations (some color), portraits, photographs ;  |c 25 cm. 
336 |a text  |b txt  |2 rdacontent 
337 |a unmediated  |b n  |2 rdamedia 
338 |a volume  |b nc  |2 rdacarrier 
490 1 |a Miegunyah Press series ;  |v no. 37 
504 |a Includes bibliographical references (pages 290-308) and index. 
505 0 |a 1. Sophie La Trobe, 1839-1853 -- 2. Jane, Lady Hotham, 1854-1856 -- 3. Elizabeth, Lady Barkly, 1856-1857 -- 4. Annie, Lady Barkly, 1860-1863 -- 5. Elizabeth, Lady Darling, 1863-1866 -- 6. Georgiana, Lady Manners-Sutton (Viscountess Canterbury), 1866-1873 -- 7. Diamantina, Lady Bowen, 1873-1879 -- 8. Laura, Marchioness of Normanby, 1879-1884 -- 9. Elizabeth, Lady Loch, 1884-1889 -- 10. Hersy, Countess of Hopetoun, 1889-1895 -- 11. Sybil, Lady Brassey, 1895-1900. 
520 1 |a "Carrying out the duties of a governor's wife was the pinnacle of public service for women in colonial Australia. Victoria had ten British governors during the nineteenth century, and all were married men. (One of them, Sir Henry Barkly, was married twice.) Their wives accompanied them to Melbourne as a matter of course, forced to leave behind their homes, their extended families and sometimes their school-age children." "While researching Colonial Consorts, Marguerite Hancock made extensive use of letters, diaries and family papers in libraries and archives in Switzerland, Scotland and Australia. These reveal the private feelings of eleven very different women: some longed constantly to go home; others found unexpected pleasures in their vice-regal duties, and recorded detailed and sometimes humorous reflections on colonial life."--Jacket. 
650 0 |a Governors' spouses  |z Australia  |z Victoria  |x History  |y 19th century. 
650 0 |a Governors' spouses  |z Australia  |z Victoria  |v Biography. 
651 0 |a Victoria  |x Politics and government  |y 19th century. 
651 0 |a Victoria  |x History  |y 19th century. 
651 0 |a Australia  |x History  |y 1788-1900. 
650 6 |a Gouverneurs  |x Conjoints  |z Australie  |z Victoria  |x Histoire  |y 19e siècle. 
650 6 |a Gouverneurs  |x Conjoints  |z Australie  |z Victoria  |v Biographies. 
651 6 |a Australie  |x Histoire  |y 1788-1900. 
650 7 |a Governors' spouses.  |2 fast  |0 (OCoLC)fst00945746 
650 7 |a Politics and government  |2 fast  |0 (OCoLC)fst01919741 
651 7 |a Australia.  |2 fast  |0 (OCoLC)fst01204543  |1 https://id.oclc.org/worldcat/entity/E39QbtfRv8PPH7gCqhkJ8DK8bM 
651 7 |a Victoria.  |2 fast  |0 (OCoLC)fst01205049  |1 https://id.oclc.org/worldcat/entity/E39QbtfRDdrtgyXybc3cCkCJ9c 
650 7 |a Governors' spouses  |z Victoria  |x Biography.  |2 fssh 
651 7 |a Australia, Victoria  |x Biography.  |2 fssh 
651 7 |a Australia, Victoria  |x Politics and government.  |2 fssh 
648 7 |a 1788-1900  |2 fast 
655 7 |a Biographies.  |2 fast  |0 (OCoLC)fst01919896 
655 7 |a History.  |2 fast  |0 (OCoLC)fst01411628 
830 0 |a Miegunyah Press series ;  |v no. 37. 
856 4 2 |3 Contributor biographical information  |u http://catdir.loc.gov/catdir/enhancements/fy1315/2002391527-b.html  |t 0 
856 4 2 |3 Publisher description  |u http://catdir.loc.gov/catdir/enhancements/fy1315/2002391527-d.html  |t 0 
938 |a Baker & Taylor  |b BKTY  |c 59.95  |d 59.95  |i 0522849334  |n 0003763568  |s active 
938 |a Brodart  |b BROD  |n 57740216  |c $59.95 
938 |a Baker and Taylor  |b BTCP  |n 2002391527 
938 |a YBP Library Services  |b YANK  |n 1800614 
948 |h HELD BY TXA - 111 OTHER HOLDINGS 
994 |a Z0  |b TXA 
999 f f |s a7adc2f5-78b0-3534-bb8a-082a645b5544  |i f015fca6-3bcc-3a91-a6a1-e303735a3957  |t 0 
952 f f |p ric  |a Texas A&M University  |b Rellis Campus  |c Joint Library Facility  |s JLF  |d Remote Storage  |t 0  |e HQ1822 .H36 2001  |h Library of Congress classification  |i unmediated -- volume  |m A14828137543